• 首页
  • 本馆介绍
  • 公告通知
  • 最新文献
  • 馆藏检索
  • 电子资源
  • 读者导购
  • 参考咨询
  • 我的图书馆
  • 登录
  • 详细信息显示
  • 放入我的书架
  • 预约/预借图书
  • 作者相关作品
  • 分类相关作品
  • 丛书相关作品
  • 出版社相关作品

书目信息

  • 表格格式
  • 工作单格式
  • 卡片格式
题名:
哲学小辞典
    
 
作者: ;张弓长 , 马乾乐 , 刘延勃 主编
分册:  
出版信息: 长春   吉林人民出版社  1983
页数: 425页
开本: 19cm
丛书名:
单 册:
中图分类: B-61 , B-6
科图分类:
主题词: 哲学--词典
电子资源:
ISBN:
000 00745nam0 2200277 450
001 1532280211
005 20150120085819.10
010    @dCNY1.20
091    @a2091.49
100    @a20120720d1983 efmy0chiy0120 ea
101 0  @achi
102    @aCN@b220000
105    @ay e 000yy
200 1  @a哲学小辞典@9zhe xue xiao ci dian@f刘延勃等主编
210    @a长春@c吉林人民出版社@d1983
215    @a425页@d19cm
300    @a本书由刘延勃与张弓长, 马乾乐等主编
330    @a本书共收词目521条
606 0  @a哲学@j词典
690    @aB-61@v5
690    @aB-6@v4
702  0 @a张弓长@9zhang gong chang@4主编
702  0 @a马乾乐@9ma qian le@4主编
702  0 @a刘延勃@9liu yan bo@4主编
801  0 @aCN@bTSSF@c20150120
905    @aZUCC@dB-6@eJY2
    
    哲学小辞典/刘延勃等主编.-长春:吉林人民出版社,1983
    425页;19cm
    本书由刘延勃与张弓长, 马乾乐等主编
    
    ISBN :CNY1.20
    本书共收词目521条
●
相关链接 在E读中查询图书 在五车中查询图书 在当当中查询图书 在豆瓣中查询图书


正题名:哲学小辞典     索取号:B-6/JY2         预约/预借

序号 登录号 条形码 馆藏地/架位号 状态 备注
1 7836829   278368295   学院路分馆/ [索取号:B-6/JY2] 在馆    
唐山师范学院图书馆 欢迎您!
大连网信软件有限公司© 版权所有